000 00966nam a2200277 i 4500
001 bg
003 KOSZ 005
005 20200630132823.0
008 080914s1962 pl a f 001 0 pol
015 _aPB 1962/3572
040 _aWA N
_cKOSZ 005/RW
_dKOSZ 005/RW
041 1 _apol
_heng
080 _a517
100 1 _aSneddon, Ian N.
245 1 0 _aRównania różniczkowe cząstkowe /
_cIan N. Sneddon ; tł. Ryszard Engelking.
246 1 _iTyt. oryg.:
_aElements of partial differential equations.
260 _aWarszawa :
_bPaństwowe Wydawnictwo Naukowe,
_c1962.
300 _a423, [1] s. :
_bil., err. ;
_c21 cm.
380 _aKsiążki.
504 _aIndeks.
650 4 _aRównania różniczkowe
700 1 _aEngelking, Ryszard
_d(1935- ).
_eTł.
710 2 _aPaństwowe Wydawnictwo Naukowe
_4pbl.
856 _uhttp://koha.tu.koszalin.pl/cgi-bin/koha/opac-detail.pl?biblionumber=11389
_yKatalog online BPK
942 _2UKD
_cKS
999 _c11389
_d11389